| 000 | 01081nam a2200241Ia 4500 | ||
|---|---|---|---|
| 001 | 10252 | ||
| 003 | GE_BSU | ||
| 008 | 181216s||||||||xx |||||||||||||| ||und|| | ||
| 040 | _cGE_BSU | ||
| 080 | _a821.353.1–1+821.353.1-1 | ||
| 100 | _aსეიდიშვილი,ლადო | ||
| 245 | _aლექსები და ლირიკული პოემები;სხვადასხვა;ცისფერი მოტივები | ||
| 245 | _bფრაგმენტები ქართლის ცხოვრებიდან | ||
| 245 | _cრედ.მ.ვარშანიძე;მხატვ.ლ.სეიდიშვილი | ||
| 260 | _aბათუმი | ||
| 260 | _bსაბჭოთა აჭარა | ||
| 260 | _c1969 | ||
| 300 | _a169გვ.15სმ. | ||
| 653 | _aლექსები და ლირიკული პოემები | ||
| 653 | _aფრაგმენტები ქართლის ცხოვრებიდან | ||
| 653 | _aცისფერი მოტივები | ||
| 942 | _cBK | ||
| 999 |
_c43521 _d43521 |
||